LDR 00755naa#a2200169#i#450# 001 EN\\bibl\122186 005 20260501212707.5 011 ## _a2074-1626 100 ## _a20260416b2026####ek#y0engy0150####ca 102 ## _aRU 200 1# _aTHEORETICAL AND LEGAL ASPECTS OF THE SPECIFICS OF CHALLENGING REGULATORY LEGAL ACTS OF PUBLIC ADMINISTRATION BODIES REGULATING RELATIONS IN THE SOCIO-CULTURAL SPHERE _eJournal article 210 1# _aSaint-Petersburg _cSaint-Petersburg University of State Fire Service of Emercom of Russia _d2026 215 ## _a6 с. 608 ## _aJournal article _2local 675 ## _aМеждународные отношения. Мировая политика. Внешняя политика. 327 _z 700 #1 _aKainov _gVladimir I. 856 4# _ajournals.igps.ru _u